000 00490nam a2200157 4500
001 131724
003 ES-MaACL
005 20230906194032.0
007 t|
008 070214s1907 fr r ||||1| fre d
100 1 _aRoehrich, Edouard.
_998902
245 1 2 _aL'attention spontanë et volontaire
_b: son fontiomement, les lois, son emploi dans la vie pratique /
_cEdouard Roehrich.
260 _aParis :
_bFélix Alcan,
_c1907.
300 _a174 p. ;
_c19 cm.
852 _aES-MaACL
_jF-11671
999 _c131724
_d131724